Recursos humanos en las PYMES: hacia la competitividad (Registro nro. 1437)

Detalles MARC
000 -CABECERA
campo de control de longitud fija 00802aam a2200277 4500
005 - FECHA Y HORA DE ACTUALIZACIÓN
campo de control 20161011182120.0
008 - LONGITUD FIJA
campo de control de longitud fija 150623b xxu||||| |||| 00| 0 spa d
041 ## - IDIOMA
Código de idioma del texto/pista de sonido o título separado
082 ## - CLASIFICACIÓN DECIMAL DEWEY
Número de clasificación 658.022 P434r
100 ## - AUTOR PERSONAL
Nombre de persona Pererini, Carlos Cesar
100 ## - AUTOR PERSONAL
Nombre de persona Ortiz, Adolfo Alberto
245 ## - TÍTULO PROPIAMENTE DICHO
Título Recursos humanos en las PYMES: hacia la competitividad
260 ## - PIE DE IMPRENTA
Lugar de publicación, distribución, etc. Argentina
260 ## - PIE DE IMPRENTA
Nombre del editor, distribuidor, etc. McGraw-Hill
260 ## - PIE DE IMPRENTA
Fecha de publicación, distribución, etc. 2002
300 ## - DESCRIPCIÓN FÍSICA
Extensión 651 páginas
650 ## - Materia General
Materia general PEQUEÑA EMPRESA
650 ## - Materia General
Materia general MEDIANA EMPRESA
650 ## - Materia General
Materia general ADMINISTRACIÓN DE EMPRESAS
650 ## - Materia General
Materia general RECURSOS HUMANOS
650 ## - Materia General
Materia general SUPERVISIÓN
650 ## - Materia General
Materia general SEGURIDAD LABORAL
650 ## - Materia General
Materia general ADMINISTRACIÓN DE PERSONAL
650 ## - Materia General
Materia general LEGISLACIÓN
942 ## - Punto de Acceso Adicional Koha
Tipo de ítem Koha Libro
Existencias
Estado perdido Estado dañado No para préstamo Biblioteca permanente Biblioteca actual Signatura completa Código de barras Precio efectivo a partir del Tipo de ítem
      Departamento de Biblioteca y Documentación Alfonso Chase Brenes Departamento de Biblioteca y Documentación Alfonso Chase Brenes 658.022 P434r 10439 11/10/2016 Libro